New Challenges in Project Financing of the Belt and Road Initiative

Salvato in:
Dettagli Bibliografici
Autore principale: Jančíková, Eva, 1960-
Natura: Capitolo di libro
Lingua:inglese
Tags: Aggiungi Tag
Nessun Tag, puoi essere il primo ad aggiungerne!!

MARC

LEADER 00000naa$a2200000$$$4500
001 0280906
005 20240502083859.7
041 0 |a eng 
044 |a CN 
245 1 0 |a New Challenges in Project Financing of the Belt and Road Initiative  |c Eva Jančíková 
100 1 |a Jančíková, Eva, 1960-